• 首页
  • 本馆介绍
  • 公告通知
  • 最新文献
  • 馆藏检索
  • 电子资源
  • 读者导购
  • 参考咨询
  • 我的图书馆
  • 登录
  • 详细信息显示
  • 放入我的书架
  • 预约/预借图书
  • 作者相关作品
  • 分类相关作品
  • 丛书相关作品
  • 出版社相关作品

书目信息

  • 表格格式
  • 工作单格式
  • 卡片格式
题名:
影子银行
    
 
作者: 辛乔利 著
分册:  
出版信息: 北京   中国经济出版社  2010
页数: 217页
开本: 25cm
丛书名:
单 册:
中图分类: F830.3
科图分类:
主题词: 金融机构--研究 , 金融机构
电子资源:
ISBN: 978-7-5017-9345-7
000 01052nam0 2200265 45
001 1032996000
005 20100408162343.25
010    @a978-7-5017-9345-7@dCNY36.00
100    @a20100331d2010 em y0chiy50 ea
101 0  @achi
102    @aCN@b110000
105    @aa z 000yy
106    @ar
200 1  @a影子银行@AYing Zi Yin Hang@dThe shadow banking system@e揭秘一个鲜为人知的金融黑洞@EJie Mi Yi Ge Xian Wei Ren Zhi De Jin Rong Hei Dong@f辛乔利著@FXin Qiao Li Zhu@zeng
210    @a北京@c中国经济出版社@d2010
215    @a217页@c图,照片@d25cm
330    @a本书追根溯源,介绍影子银行产生、发展、繁荣到崩溃的全过程;剖析案例,揭秘影子银行主要玩家、暴利工具和经营模式,与读者共同探究影子银行这个鲜为人知的巨大金融黑洞。
510 1  @aShadow banking system@zeng
517 1  @a揭秘一个鲜为人知的金融黑洞@AJie Mi Yi Ge Xian Wei Ren Zhi De Jin Rong Hei Dong
606 0  @a金融机构@x研究
606 0  @a金融机构
690    @aF830.3@v4
701  0 @a辛乔利@AXin Qiao Li@4著
801  0 @aCN@bTANGWEI@c20100408
905    @b0587256-60@dF830.3@e161@f5
    
    影子银行=The shadow banking system:揭秘一个鲜为人知的金融黑洞/辛乔利著.-北京:中国经济出版社,2010
    217页:图,照片;25cm
    
    
    ISBN 978-7-5017-9345-7:CNY36.00
    本书追根溯源,介绍影子银行产生、发展、繁荣到崩溃的全过程;剖析案例,揭秘影子银行主要玩家、暴利工具和经营模式,与读者共同探究影子银行这个鲜为人知的巨大金融黑洞。
●
相关链接 在E读中查询图书 在五车中查询图书 在当当中查询图书 在豆瓣中查询图书


正题名:影子银行     索取号:F830.3/161         预约/预借

序号 登录号 条形码 馆藏地/架位号 状态 备注
1 0587256   205872563   第一样本阅览室/ [索取号:F830.3/161] 在馆    
2 0587257   205872572   第一借阅区/ [索取号:F830.3/161] 在馆    
3 0587258   205872581   第一借阅区/ [索取号:F830.3/161] 在馆    
4 0587259   205872590   第一借阅区/ [索取号:F830.3/161] 在馆    
5 0587260   205872607   第一借阅区/ [索取号:F830.3/161] 在馆    
唐山师范学院图书馆 欢迎您!
大连网信软件有限公司© 版权所有